Tunnista kappale ensimmäisistä säkeistä #2 - Statistics

Yleistilastot
  • Tätä visaa on pelattu 120 kertaa
  • Keskiarvotulos 11 / 33
Vastaustilastot
Hint Vastaus % Oikein
Mä oon öissä töissä/en missää myymälöissä JVG Häissä
83%
Me emme saa haluta toisiamme/Niin että valehdellaan/Kotona koskaan rakkaillemme Anna Puu Säännöt rakkaudelle
79%
Kerran kun me lähettiin mun kavereitten kans baariin/Se oli perjantai ja me päästiin sinne sisään/Ja mietin että mitä musaa toi tyyppi oikein soittaa Antti Tuisku Peto on irti
69%
Me kohtaisimme aina silloin kun on tärkeää/se ettei kukaan häiritse tai pääse käskemään/Me antaisimme toisillemme hiljaisuuteen syyn/Niin sinä ostat aikaa siis ja minä sitä myyn. Zen cafe Todella kaunis
67%
Jos sä myöhästyt se pistää konees kii/Etkä viikkoon saa taas käyttää läppärii/Kun sä ulos meet, se perään soittelee/Että missä oot Robin Faija skitsoo
63%
Ja mä hölmö luulin, et tenttiviikon stressin poistais yhet Kivat pikku harmittomat treffit/Mut heti, kun tuun sisään/Huomaan äijällä on ikää Vilma Alina Juha88
63%
Kamat kyydissä on etupenkkipaikasta riitaa/Otin yhden kasetin/ Juholla on kuitenkin liikaa PMMP Matkalaulu
63%
Taas me kohdataan kun päiviä ois mennyt vaan/Elämälle kiitos, jatketaan Kaija Koo Supernaiset
59%
Mietitsä mua? Mist mä voisin sen tietää?Oon miettiny sua, en mä voi sitä kieltää Behm ja Ege Zulu Tunnista tuntiin
59%
Mä tunnen sinut pikkusisko/Me vaikka Vasta kohdattiin/Niin Monin kasvoin ennenkin/Sä vierelläni maannut oot Laura Närhi Hetken tie on kevyt
48%
Näitä teitä oon ikäni kulkenut/Koska tehdas on ovensa sulkenut/Mä olen myynyt jallua ja pitsiä Portion Boys Kyläbaari
47%
Sulle munakkaan teen/Vaikka päivämäärä/On ohi ajanut jo niistäkin Arttu Wiskari Kahvimaito
41%
Jos maailmasi loppuisi tänään/Mist sä haluut, että sut muistetaan/ Siitäkö et olit kaunis ja rikas/Kadehdittavan upea Ellinoora Dinosauruksii
40%
Oon vuokralla mun kehossa/Asunnon maksan ruokapalkalla/ Maali rapisee seinät lohkeilee/Kuka korjaa Sanni Jos mä oon oikee
40%
Täytyy antaa kaikkensa jos haluu kylpee onnessa Mikko Harju Taivas ei oo rajana
38%
Ei ollu reiluu/Se mitä teit mulle/En enää tunne sua/Sanoit ei meist tuu/Mitään heti kun et/Enää tarvinnut mua Viivi Lääke
35%
Kommenttivyöry näytölle lyöty/Enkä oo syöny viikkoihin/ kun mua ahdistaa Bess Sammumaton
28%
Eletyt päivät tuntuu/mut kipu on köykäinen kosketus vain/Terassin lyhtyä kiertävä koi/Kipua on, mut ei tuskaa. Juha Tapio Jotain niin oikeaa
26%
Mä en oo mustasukkainen/Joka päivä avaan oven sun mennä/Ja se jää auki/Et oltais vapaat tietäen/Onnellinen lintu pois ei lennä Vesala Muitaki ihmisii
26%
Yöbussissa viimeisinä/Takapenkillä sinä ja minä/Kaikki kävi niin luonnollisesti Arttu Wiskari Nokkahuilu
22%
Oon varma, että silmäsikin saa/Itsessään jo taivaan putoomaan/Ja kaikki linnutkin löytää suoraan Edenin Behm Sata vuotta
22%
Kuinka voi rikkoa mitään sellaista/Mitä ei olemmassa ole enää pitkään aikaan ollutkaan/Omasta mielestä en tehnyt syntiä Suvi Teräsniska Vaiettu rakkaus
20%
Sun ennakkoluulos mua pelottaa/en uskalla sanoo enää sanaakaan/sä et tee mitään muuta kun odotat vaan Reino Nordin Kato mua silmiin
14%
Herkän hahmos kaukaa näin/Sua ennen tuskin koskaan huomasin/Vaan nyt sua/Pois en koskaan päästäiskään Nylon Beat Rakastuin mä looseriin
14%
Nään sun silmistä sä haluut kysyä/Et miks mä olen taas nii levoton/Mutta mistä tietäisin/mitä sulle vastaisin/Kaikki ajatukset levällään kun on Robin Ihan helmi
13%
Mä täytän usein kyl ne kriteerit/Vaikee, sekava ja vihanen/Mikä sua vaivaa mikset oo iloinen/Anteeksi tahtoosi pysty en/En mä muista millon oli normaalii Ellinoora Veitset
13%
Niin viattomasti aivan/Hän palkaks työn ja vaivan/Noin illansuussa ravintolaan lähti istumaan. Vesa-Matti Loiri Kohtalokas samba
12%
Tiedäthän ihmisen jonka rakkaus näännyttää/Kaikki muu arvokas aina toiseksi silloin jää Lauri Tähkä Puolikas
10%
Valvon taas ja päässäni Teen jo siirtoo seuraavaa/Mietteitään ei vältellä voi Vaikka ne näin satuttaa Minne tuulet vie
7%
Kato kameraan ja hymyile vaan/Ja tee se niin et sulla näkyy hampaat Jannika B Hymytyttö
2%
Sinä aamuna ilma oli sumuinen/Vatsaani kouristi/syy vihreiden kuulien Isä kirosi/ei osannut kravaattiaan solmia Mira Luoti Sunnuntain hesari
2%
Kello puoli viis/Jään katselemaan ihmisii/Jotka hämäris valois/Kalleimpansa heittää pois/et hetken hyvä olla vois Frans Harju Lupaan etten koskaan mene pois
1%
Näytän sulle ihmeet maailman ja koitan kertoo väärän oikeesta/Kertaan säännöt ja toivon vuorollas//Sä tiedät missä ja milloin/Ja kuinka ne säännöt rikotaan Suvi Teräsniska Sinä olet kaunis
1%
Ehtoja vastaavia visoja ei löytynyt
Tulosjakauma
Jokaisen tuloksen saaneiden osuus
Persentiili vastausten määrän mukaan
Tuloshistoriasi
Et ole pelannut tätä visaa